Arissa

Bibliographic Details
Main Author: Norzatul Shema Yahya
Format: Book
Published: Kuala Lumpur : Pustaka Prinsip Sdn.Bhd , 2008
Series:Siri motivasi peribahasa
Subjects:

MARC

LEADER 00000cam a2200000 7i4500
001 0000077896
005 20180120.0
008 180120
020 |a 9838772615 
090 0 0 |a NOR   |b MAL 
100 0 |a Norzatul Shema Yahya 
245 1 0 |a Arissa   |c Norzatul Shema Yahya 
260 |a Kuala Lumpur :   |b Pustaka Prinsip Sdn.Bhd ,   |c 2008 
440 |a Siri motivasi peribahasa 
500 |a Children ages13-16 years old (blue) 
650 0 |a Malay language   |x Readers   |v Fiction 
650 0 |a Malay language   |x Readers   |x Proverbs, Malay 
999 |a 0001140061   |b Book   |c Children Collection   |e Cawangan Taman Universiti 
999 |a 0001140089   |b Book   |c Children Collection   |e Cawangan Kota Tinggi